Every Eminem Song - Statistics

General Stats
  • This quiz has been taken 90 times
    84 since last reset
  • The average score is 119 of 256
Answer Stats
Album Song % Correct
The Marshall Mathers LP The Real Slim Shady
90%
The Slim Shady LP My Name Is
88%
The Marshall Mathers LP Stan
83%
Encore Mockingbird
81%
Music To Be Murdered By Godzilla
79%
8 Mile soundtrack Lose Yourself
79%
The Death of Slim Shady Houdini
77%
Infinite Infinite
77%
The Marshall Mathers LP 2 Rap God
75%
The Eminem Show Without Me
75%
The Death of Slim Shady Evil
73%
The Death of Slim Shady Fuel
73%
The Slim Shady LP Guilty Conscience
73%
The Marshall Mathers LP 2 The Monster
73%
Recovery Not Afraid
71%
The Death of Slim Shady Somebody Save Me
71%
Kamikaze Venom
71%
Encore Encore
69%
The Marshall Mathers LP Kim
69%
Recovery Love The Way You Lie
69%
The Eminem Show Till I Collapse
69%
8 Mile soundtrack 8 Mile
67%
The Marshall Mathers LP 2 Bad Guy
67%
Music To Be Murdered By Marsh
67%
The Eminem Show Superman
67%
The Marshall Mathers LP The Way I Am
67%
The Eminem Show White America
67%
Encore Just Lose It
65%
Kamikaze Kamikaze
65%
Encore Like Toy Soldiers
65%
Relapse 3 a.m.
63%
Relapse Beautiful
63%
The Death of Slim Shady Guilty Conscience 2
63%
The Marshall Mathers LP Marshall Mathers
63%
Curtain Call When I'm Gone
63%
The Death of Slim Shady Antichrist
60%
The Eminem Show Business
60%
The Eminem Show Cleanin' Out My Closet
60%
Relapse Crack A Bottle
60%
Kamikaze Good Guy
60%
The Death of Slim Shady Habits
60%
The Marshall Mathers LP I'm Back
60%
Single (2018) Killshot
60%
The Death of Slim Shady Renaissance
60%
The Eminem Show Sing For The Moment
60%
The Eminem Show Square Dance
60%
The Death of Slim Shady Temporary
60%
The Death of Slim Shady Brand New Dance
58%
The Eminem Show Hailie's Song
58%
The Marshall Mathers LP Kill You
58%
Encore Mosh
58%
The Slim Shady LP Role Model
58%
Curtain Call Shake That
58%
The Marshall Mathers LP Criminal
56%
Curtain Call FACK
56%
Slim Shady EP | The Slim Shady LP Just Don't Give A Fuck
56%
Kamikaze Lucky You
56%
Kamikaze Nice Guy
56%
Recovery No Love
56%
The Eminem Show Soldier
56%
Kamikaze The Ringer
56%
The Slim Shady LP '97 Bonnie & Clyde
54%
Encore Ass Like That
54%
Relapse Bagpipes From Baghdad
54%
Recovery Cold Wind Blows
54%
Relapse Deja Vu
54%
Kamikaze Fall
54%
Encore Puke
54%
The Death of Slim Shady Road Rage
54%
The Slim Shady LP Still Don't Give A Fuck
54%
The Death of Slim Shady Tobey
54%
Revival Walk On Water
54%
Music To Be Murdered By (Side B) Alfred's Theme
52%
The Marshall Mathers LP Amityville
52%
The Marshall Mathers LP 2 Berzerk
52%
The Slim Shady LP Brain Damage
52%
Recovery Cinderella Man
52%
The Slim Shady LP Cum On Everybody
52%
The Eminem Show Drips
52%
Encore Evil Deeds
52%
Relapse Insane
52%
Relapse Must Be The Ganja
52%
Encore My 1st Single
52%
Relapse My Mom
52%
Encore Never Enough
52%
Kamikaze Normal
52%
Kamikaze Not Alike
52%
Revival River
52%
The Slim Shady LP Rock Bottom
52%
Relapse Stay Wide Awake
52%
Recovery Untitled
52%
Relapse We Made You
52%
Encore Yellow Brick Road
52%
Revival Arose
50%
The Slim Shady LP Bad Meets Evil
50%
Encore Big Weenie
50%
The Marshall Mathers LP Bitch Please II
50%
The Marshall Mathers LP Drug Ballad
50%
Kamikaze Greatest
50%
The Death of Slim Shady Head Honcho
50%
Relapse Hello
50%
The Death of Slim Shady Lucifer
50%
Relapse Same Song & Dance
50%
Recovery Space Bound
50%
Kamikaze Stepping Stone
50%
Relapse Underground
50%
The Marshall Mathers LP Under The Influence
50%
The Eminem Show When The Music Stops
50%
The Marshall Mathers LP Who Knew
50%
Infinite 313
48%
Revival Castle
48%
Music To Be Murdered By (Side B) Discombobulated
48%
Relapse: Refill Forever
48%
Music To Be Murdered By (Side B) Gnat
48%
The Slim Shady LP I'm Shady
48%
The Slim Shady LP My Fault
48%
Relapse Old Time's Sake
48%
8 Mile soundtrack Rabbit Run
48%
The Marshall Mathers LP Remember Me?
48%
The Eminem Show Say What You Say
48%
Music To Be Murdered By (Side B) Zeus
48%
The Slim Shady LP As The World Turns
46%
The Death of Slim Shady Bad One
46%
Revival Believe
46%
Relapse: Refill Elevator
46%
Revival Framed
46%
The Marshall Mathers LP 2 Headlights
46%
Slim Shady EP If I Had...
46%
The Slim Shady LP If I Had
46%
The Eminem Show My Dad's Gone Crazy
46%
Encore One Shot 2 Shot
46%
Encore Rain Man
46%
The Eminem Show Say Goodbye Hollywood
46%
Encore We As Americans
46%
Music To Be Murdered By Yah Yah
46%
Relapse Careful What You Wish For
44%
Music To Be Murdered By Darkness
44%
The Marshall Mathers LP 2 Evil Twin
44%
Revival In Your Head
44%
The Marshall Mathers LP 2 Legacy
44%
The Marshall Mathers LP 2 Love Game
44%
Encore Love You More
44%
Relapse: Refill Music Box
44%
Encore Ricky Ticky Toc
44%
Music To Be Murdered By Stepdad
44%
The Marshall Mathers LP 2 Survival
44%
Recovery 25 To Life
42%
Music To Be Murdered By (Side B) Book of Rhymes
42%
Relapse: Refill Buffalo Bill
42%
Encore Crazy In Love
42%
Music To Be Murdered By (Side B) Killer
42%
Relapse Medicine Ball
42%
Music To Be Murdered By Premonition
42%
Encore Spend Some Time
42%
Music To Be Murdered By (Side B) Tone Deaf
42%
The Marshall Mathers LP 2 Asshole
40%
Music To Be Murdered By (Side B) Black Magic
40%
Revival Chloraseptic
40%
Music To Be Murdered By Farewell
40%
The Marshall Mathers LP 2 Groundhog Day
40%
Revival Heat
40%
The Eminem Show (expanded) Jimmy, Brian and Mike
40%
Relapse My Darling
40%
Recovery On Fire
40%
Southpaw soundtrack Phenomenal
40%
Recovery Seduction
40%
The Marshall Mathers LP 2 So Far...
40%
Recovery Talkin' 2 Myself
40%
Elvis soundtrack The King & I
40%
Music To Be Murdered By You Gon' Learn
40%
Recovery You're Never Over
40%
Recovery Almost Famous
38%
The Marshall Mathers LP 2 Brainless
38%
Relapse: Refill Drop The Bomb On 'Em
38%
Music To Be Murdered By (Side B) Favorite Bitch
38%
Single (2022) From The D 2 The LBC
38%
Music To Be Murdered By I WIll
38%
Southpaw soundtrack Kings Never Die
38%
The Death of Slim Shady (expanded) Like My Shit
38%
Music To Be Murdered By Little Engine
38%
Music To Be Murdered By No Regrets
38%
Revival Remind Me
38%
The Marshall Mathers LP 2 Rhyme Or Reason
38%
Recovery So Bad
38%
The Marshall Mathers LP The Kids
38%
Infinite Tonite
38%
Recovery Won't Back Down
38%
Recovery W.T.P.
38%
Revival Bad Husband
35%
Recovery Going Through Changes
35%
Music To Be Murdered By Leaving Heaven
35%
8 Mile soundtrack Love Me
35%
Infinite Maxine
35%
The Re-Up No Apologies
35%
The Marshall Mathers LP 2 So Much Better
35%
The Eminem Show (expanded) Stimulate
35%
Relapse: Refill Taking My Ball
35%
Music To Be Murdered By Those Kinda Nights
35%
The Re-Up You Don't Know
35%
The Marshall Mathers LP 2 Baby
33%
The Marshall Mathers LP 2 Beautiful Pain
33%
The Eminem Show (expanded) Bump Heads
33%
Single (2016) Campaign Speech
33%
The Death of Slim Shady (expanded) Fuel - Shady Edition
33%
Music To Be Murdered By (Side B) Guns Blazing
33%
Music To Be Murdered By In Too Deep
33%
Curtain Call 2 Is This Love ('09)
33%
The Re-Up Jimmy Crack Corn
33%
Slim Shady EP Just The Two Of Us
33%
The Death of Slim Shady (expanded) Kyrie & Luka
33%
Revival Like Home
33%
Music To Be Murdered By Lock It Up
33%
Music To Be Murdered By (Side B) She Loves Me
33%
The Marshall Mathers LP 2 Stronger Than I Was
33%
Revival Untouchable
33%
The Marshall Mathers LP 2 Wicked Ways
33%
The Marshall Mathers LP 2 Desperation
31%
Relapse: Refill Hell Breaks Loose
31%
Infinite It's O.K.
31%
Revival Need Me
31%
Music To Be Murdered By Never Love Again
31%
Revival Nowhere Fast
31%
Revival Offended
31%
Infinite Searchin'
31%
The Slim Shady LP (expanded) Bad Guys Always Die
29%
The Slim Shady LP (expanded) Get You Mad
29%
Music To Be Murdered By (Side B) Higher
29%
Slim Shady EP Murder Murder
29%
Recovery Ridaz
29%
ShadyXV ShadyXV
29%
The Eminem Show (expanded) The Conspiracy Freestyle
29%
The Re-Up The Re-Up
29%
Music To Be Murdered By Unaccomodating
29%
Infinite Backstabber
27%
ShadyXV Detroit Vs. Everybody
27%
The Marshall Mathers LP 2 (expanded) Don't Front
27%
Infinite Jealousy Woes II
27%
Infinite Open Mic
27%
Recovery Session One
27%
Music To Be Murdered By (Side B) These Demons
27%
The Re-Up We're Back
27%
Single (2023) Realest
25%
Slim Shady EP Low Down, Dirty
23%
Infinite Never 2 Far
23%
Slim Shady EP No One's Iller
23%
The Re-Up Public Enemy #1
23%
Revival Tragic Endings
23%
ShadyXV Fine Line
21%
ShadyXV Guts Over Fear
21%
Game Over Hellbound
21%
Single (2020) The Adventures Of Moon Man & Slim Shady
19%
ShadyXV Right For Me
17%
ShadyXV Die Alone
15%
Single (2024) Doomsday Pt. 2
10%
Tupac: Resurrection One Day At A Time
8%
No matching quizzes found
Score Distribution
Percent of People with Each Score
Percentile by Number Answered
Your Score History
You have not taken this quiz since the last reset